|
|
|
|
| LEADER |
02648nam a2200337 a 4500 |
| 001 |
mzk03001072928 |
| 003 |
CZ BrMZK |
| 005 |
20130214141204.0 |
| 007 |
ta |
| 008 |
061201s1747 gw ef fr|||||00| ||gerod |
| 040 |
|
|
|a BOA001
|b cze
|
| 041 |
1 |
|
|a ger
|h fre
|
| 072 |
|
7 |
|a 094
|x Staré tisky
|2 Konspekt
|9 12
|
| 080 |
|
|
|a (0.068)094
|2 MRF
|
| 100 |
1 |
|
|a Bélidor, Bernard Forest de,
|d 1697-1761
|7 ola2008459830
|4 aut
|
| 245 |
1 |
0 |
|a Architectura Hydraulica :
|b Oder: Die Kunst, Das Gewässer Zu denen verschiedentlichen Nothwendigkeiten des menschlichen Lebens zu leiten, in die Höhe zu bringen, und vortheilhafftig anzuwenden. Auf das gründlichste abgehandelt ; Aus dem Frantzösischen ins Teutsche übersetzet.
|n Erster Theil. Drittes Buch. Fünfftes Capitel. Neunte Ausgabe der Ubersetzung. Benebenst 6. Kupfer-Tabellen,
|p Worinnen zu finden: Die Beschreibung und Berechnung derjenigen Wasser-Machine, welche zu Paris an der L. Frauen-Brücke erbauet stehen, und wie solche in einen weit vollkommenern Stand versetzet worden. Desgleichen, die Beschreibung derer von dem Autore neu erfundenen Saug- und Stiefel-Wercke, und derer hierzu gehörigen wohl eingerichteten Ventilen oder Balancier-Klappen, durch welche, kaum gedachte Machine, eigentlich in weit höherm Grad verbessert worden /
|c Von dem Herrn Belidor, Provincial-Commissario des Artillerie-Wesens, Königlichem Professore Matheseos derer Schulen des nemlichen Artillerie-Corps; wie auch der Königl. Englisch- und Königl. Preussischen Academie derer Wissenschafften Mitglied, und Correspondent derjeniegen zu Paris
|
| 246 |
3 |
0 |
|a Worinnen zu finden: Die Beschreibung und Berechnung derjenigen Wasser-Machine, welche zu Paris an der L. Frauen-Brücke erbauet stehen, und wie solche in einen weit vollkommenern Stand versetzet worden. Desgleichen, die Beschreibung derer von dem Autore neu erfundenen Saug- und Stiefel-Wercke, und derer hierzu gehörigen wohl eingerichteten Ventilen oder Balancier-Klappen, durch welche, kaum gedachte Machine, eigentlich in weit höherm Grad verbessert worden
|
| 260 |
|
|
|a Augspurg :
|b bey Eberhard Kletts, Sel. Wittib,
|c [1747?]
|
| 300 |
|
|
|a 22 s., VI tab. ;
|c 2°
|
| 500 |
|
|
|a Výzdoba: Vlys, mědirytinové přílohy (plány)
|
| 501 |
|
|
|a Přívazek 2 k 1. dílu téhož titulu
|
| 655 |
|
7 |
|a staré tisky
|7 fd422076
|2 czenas
|
| 903 |
|
|
|a RP
|
| 910 |
|
|
|a BOA001
|b CH-0004.055,1,3,přív.2
|
| 978 |
|
|
|b Klett, Eberhard - vdova
|a Leipzig
|c 1747
|
| 984 |
|
|
|a Augsburg
|b Německo
|
| 985 |
|
|
|a 1751-1800
|
| 990 |
|
|
|a BK
|
| 993 |
|
|
|a Y
|
| 991 |
|
|
|k mzk
|
| 994 |
|
|
|a UP
|l MZK03
|b 001072926
|m přívazek 2
|n záznam 1. díla (pro objednání pokračujte kliknutím)
|